[Event "chess.com IoM Masters"]
[Site "Douglas ENG"]
[Date "2017.09.29"]
[Round "7.25"]
[White "Brown, Michael William"]
[Black "Xiong, Jeffery"]
[Result "0-1"]
[WhiteTitle "IM"]
[BlackTitle "GM"]
[WhiteElo "2499"]
[BlackElo "2633"]
[WhiteFideId "2037602"]
[BlackFideId "2047640"]
[EventDate "2017.09.23"]

1. d4 Nf6 2. c4 e6 3. Nc3 Bb4 4. g3 O-O 5. Bg2 d5 6. Nf3 dxc4 7. O-O Nc6 8. Qa4
Nd5 9. Qc2 Be7 10. Rd1 Ncb4 11. Qd2 c5 12. dxc5 Bxc5 13. e4 Nd3 14. exd5 Nxf2
15. Kf1 Nxd1 16. Qxd1 exd5 17. Qxd5 Qxd5 18. Nxd5 Rd8 19. Ne1 Bg4 20. Bf4 Re8
21. Nc3 Rad8 22. h3 Bf5 23. Rc1 h5 24. h4 Rd7 25. Bf3 Rde7 26. Nc2 b5 27. Kg2
Bg4 28. Bxg4 hxg4 29. a3 a5 30. Kf1 b4 31. axb4 axb4 32. Na4 Ba7 33. Re1 Rxe1+
34. Nxe1 Re6 35. b3 cxb3 36. Nd3 Bd4 37. Bc1 Rc6 38. Bb2 Ba7 39. Ke2 f6 40. Kd1
Bb8 41. Nac5 Bxg3 42. Nxb3 Bxh4 43. Nd4 Rc4 44. Ke2 g6 45. Nf4 Kf7 46. Kd3 Rc5
47. Nc2 Bg5 48. Ne2 Rd5+ 49. Bd4 b3 50. Nb4 b2 51. Kc2 Rb5 52. Bc3 f5 0-1

[Event "chess.com IoM Masters"]
[Site "Douglas ENG"]
[Date "2017.09.29"]
[Round "7.27"]
[White "Salomon, Johan"]
[Black "Bok, Benjamin"]
[Result "1/2-1/2"]
[WhiteTitle "GM"]
[BlackTitle "GM"]
[WhiteElo "2476"]
[BlackElo "2620"]
[WhiteFideId "1509500"]
[BlackFideId "1017063"]
[EventDate "2017.09.23"]

1. Nf3 g6 2. e4 d6 3. d4 Nf6 4. e5 dxe5 5. Nxe5 Bg7 6. Bc4 O-O 7. O-O Nbd7 8. c3
c6 9. Bf4 Nb6 10. Be2 Nbd5 11. Bg3 Ne4 12. Bh4 Nd6 13. Nd3 Nf5 14. Bg5 b6 15.
Na3 h6 16. Bc1 Bb7 17. Re1 Qc7 18. Bf1 Rad8 19. Bd2 Rfe8 20. Qa4 a6 21. Rad1 e6
22. Qb3 Ba8 23. Bc1 a5 24. Nc4 h5 25. Nd2 c5 26. dxc5 bxc5 27. Qc4 Rc8 28. Ne4
Nd6 29. Nxd6 Qxd6 30. Nf4 Qc7 1/2-1/2

[Event "chess.com IoM Masters"]
[Site "Douglas ENG"]
[Date "2017.09.29"]
[Round "7.28"]
[White "Tarjan, James"]
[Black "Svane, Rasmus"]
[Result "1/2-1/2"]
[WhiteTitle "GM"]
[BlackTitle "GM"]
[WhiteElo "2412"]
[BlackElo "2595"]
[WhiteFideId "2000180"]
[BlackFideId "4657101"]
[EventDate "2017.09.23"]

1. c4 e6 2. Nf3 d5 3. d4 Nf6 4. e3 Be7 5. b3 O-O 6. Bb2 c5 7. Bd3 cxd4 8. exd4
b6 9. Nbd2 Bb7 10. Qe2 Nc6 11. Rc1 Rc8 12. O-O Bb4 13. Rfd1 Qe7 14. Nf1 Ba3 15.
Ne3 Bxb2 16. Qxb2 dxc4 17. bxc4 Rfd8 18. a3 Na5 19. Be2 Nh5 20. g3 Nf6 21. Qb4
Qxb4 22. axb4 Nb3 23. Rb1 Bxf3 24. Bxf3 Nxd4 25. Bg2 g6 26. Kf1 Kf8 27. Ra1 Rc7
28. Ra3 Rdd7 29. Rc1 Nf5 30. Nxf5 gxf5 31. c5 Rd4 32. Rb3 Ke7 33. Ke2 Nd5 34.
Bxd5 Rxd5 35. Ra3 bxc5 36. bxc5 Kf6 37. Ke3 Rdd7 38. Rd3 Ke5 39. f4+ Kf6 40.
Rxd7 Rxd7 41. c6 Rd8 42. Ra1 Rd5 43. Rc1 Rd8 44. Ra1 Rd5 45. Rc1 1/2-1/2

[Event "chess.com IoM Masters"]
[Site "Douglas ENG"]
[Date "2017.09.29"]
[Round "7.29"]
[White "Tari, Aryan"]
[Black "Arjun, Kalyan"]
[Result "1-0"]
[WhiteTitle "GM"]
[WhiteElo "2588"]
[BlackElo "2406"]
[WhiteFideId "1510045"]
[BlackFideId "35018701"]
[EventDate "2017.09.23"]

1. e4 e5 2. Nf3 Nc6 3. Bb5 a6 4. Ba4 Nf6 5. O-O Be7 6. Re1 b5 7. Bb3 d6 8. c3
O-O 9. h3 Nb8 10. d4 Nbd7 11. Nbd2 Bb7 12. Bc2 Re8 13. Nf1 Bf8 14. Bg5 h6 15.
Bh4 Qc8 16. dxe5 dxe5 17. N3d2 a5 18. a4 b4 19. Ne3 Nh7 20. Ndc4 bxc3 21. bxc3
Nc5 22. Nd5 Ra7 23. Qh5 c6 24. Nde3 g6 25. Qf3 Qc7 26. Rad1 Bc8 27. Rd2 Be6 28.
Red1 Raa8 29. Nd6 Reb8 30. Nec4 Bg7 31. Bg3 f6 32. Qe3 Nb7 33. Qb6 Qxb6 34. Nxb6
Ra6 35. Nd7 Bxd7 36. Nxb7 Rxb7 37. Rxd7 Rab6 38. Rxb7 Rxb7 39. Rd8+ Bf8 40. Ra8
Ng5 41. Rxa5 Ne6 42. Bd3 Nc7 43. f3 Kf7 44. Bf2 Bd6 45. Ra7 Rb2 46. Be3 Ke8 47.
a5 Rb3 48. Kf2 Kd7 49. Ke2 Kc8 50. Ba6+ Kb8 51. Bb6 Nxa6 52. Rxa6 Rxc3 53. Ra7
Bc5 54. Rf7 Bxb6 55. axb6 Rc2+ 56. Kf1 c5 57. Rxf6 c4 58. Rxg6 c3 59. Ke1 Kb7
60. Kd1 Rb2 61. Kc1 Ka6 62. g4 Kb5 63. Rxh6 Kc4 64. g5 Rg2 65. b7 Rg1+ 66. Kc2
Rg2+ 67. Kd1 Rb2 68. Rh7 1-0

[Event "chess.com IoM Masters"]
[Site "Douglas ENG"]
[Date "2017.09.29"]
[Round "7.30"]
[White "Pichot, Alan"]
[Black "Rathnakaran, K."]
[Result "1-0"]
[WhiteTitle "GM"]
[BlackTitle "IM"]
[WhiteElo "2565"]
[BlackElo "2326"]
[WhiteFideId "110973"]
[BlackFideId "5005507"]
[EventDate "2017.09.23"]

1. e4 e6 2. d4 d5 3. Nd2 Nf6 4. e5 Nfd7 5. Bd3 c5 6. c3 Nc6 7. Ne2 cxd4 8. cxd4
f6 9. exf6 Nxf6 10. O-O Bd6 11. Nf3 Qc7 12. Bg5 O-O 13. Bh4 Nh5 14. Qc2 h6 15.
Bh7+ Kh8 16. Bg6 Rxf3 17. Bxh5 Bxh2+ 18. Kh1 Rf5 19. Bg6 Bd6 20. Bxf5 exf5 21.
Rae1 Qf7 22. Bg3 Bb4 23. Rd1 g5 24. Be5+ Kg8 25. f4 g4 26. a3 Bf8 27. b4 Bd7 28.
Qd2 b5 29. Kg1 a5 30. Ra1 Kh7 31. Rfc1 axb4 32. axb4 Bxb4 33. Qb2 Rxa1 34. Rxa1
Bf8 35. Ra6 b4 36. Ng3 h5 37. Nf1 Be7 38. Qc2 Qe8 39. Ne3 Qc8 40. Ra1 Bd8 41.
Rc1 Qa8 42. Nxf5 b3 43. Qd3 Nxe5 44. fxe5 Qa2 45. Ng3+ Kh6 46. Rf1 h4 47. Rf7
Qc2 48. Rh7+ Kg5 49. Qe3+ 1-0

[Event "chess.com IoM Masters"]
[Site "Douglas ENG"]
[Date "2017.09.29"]
[Round "7.32"]
[White "Rudolf, Anna"]
[Black "Vishnu Prasanna, V"]
[Result "1/2-1/2"]
[WhiteTitle "IM"]
[BlackTitle "GM"]
[WhiteElo "2286"]
[BlackElo "2543"]
[WhiteFideId "722855"]
[BlackFideId "5030692"]
[EventDate "2017.09.23"]

1. e4 c5 2. Nf3 e6 3. b3 b6 4. Bb2 Bb7 5. Bd3 Nc6 6. a3 Nge7 7. O-O Ng6 8. Re1
f6 9. Bf1 Bd6 10. d4 cxd4 11. Nxd4 Nxd4 12. Bxd4 Qc7 13. h3 O-O 14. c4 f5 15.
Nc3 fxe4 16. Nxe4 Bh2+ 17. Kh1 Rf5 18. Qd3 Raf8 19. Rad1 Bc6 20. Be3 Bf4 21. Nd6
Rh5 22. Kg1 Qd8 23. Ne4 Ne5 24. Qe2 Rxh3 25. gxh3 Bxe4 26. Bxf4 Nf3+ 27. Kh1 Ba8
28. Bg2 Nxe1 29. Qxe1 Bxg2+ 30. Kxg2 Rxf4 31. Qxe6+ Rf7 32. Qd5 Qf6 33. Qd4 Qf3+
34. Kg1 Qxb3 35. Re1 Qf3 36. Re8+ Rf8 37. Rxf8+ Kxf8 38. Qxd7 Qxa3 39. Qf5+ Ke8
40. Qc8+ Ke7 41. Qc7+ Ke6 42. Qxg7 Qe7 43. Qd4 Qg5+ 44. Kf1 Qe5 45. Qd8 Qa1+ 46.
Kg2 Qg7+ 47. Kf1 Qd7 48. Qg8+ Kf6 49. h4 Qd3+ 50. Ke1 Qb1+ 51. Kd2 Qb4+ 52. Kd3
Qd6+ 53. Kc2 h6 54. Qh7 Qf4 55. Qxa7 Qxc4+ 56. Kd2 Qb4+ 57. Kd3 Qd6+ 58. Ke4 h5
59. Kf3 Qd5+ 60. Kg3 Qe5+ 61. Kg2 b5 62. f3 Qb2+ 63. Kg3 b4 64. Qa6+ Kf7 65.
Qb7+ Kg6 66. Qc6+ Kh7 67. Qe4+ Kg8 68. Qe8+ Kg7 69. Qe7+ Kg8 70. Qe8+ Kg7 71.
Qe7+ Kg8 1/2-1/2

[Event "chess.com IoM Masters"]
[Site "Douglas ENG"]
[Date "2017.09.29"]
[Round "7.33"]
[White "Adhiban, Baskaran"]
[Black "Sundararajan, Kidambi"]
[Result "1-0"]
[WhiteTitle "GM"]
[BlackTitle "GM"]
[WhiteElo "2670"]
[BlackElo "2426"]
[WhiteFideId "5018471"]
[BlackFideId "5005370"]
[EventDate "2017.09.23"]

1. c4 c5 2. Nc3 Nc6 3. Nf3 Nf6 4. d4 cxd4 5. Nxd4 e6 6. g3 Bc5 7. Nb3 Be7 8. Bg2
O-O 9. O-O b6 10. Bf4 Ba6 11. Nb5 Ne8 12. Qd2 Rc8 13. Rfd1 d5 14. cxd5 exd5 15.
Nc3 Nf6 16. Nxd5 Nxd5 17. Bxd5 Nb4 18. Bf3 Qxd2 19. Bxd2 Bc4 20. Nd4 a5 21. a3
Na6 22. b3 Bf6 23. Be3 Bxb3 24. Nxb3 Bxa1 25. Rxa1 Rc3 26. Rb1 Nc5 27. Nxc5 bxc5
28. a4 c4 29. Bd5 Rc2 30. Rb7 c3 31. Rc7 h6 32. Kg2 Rxe2 33. Rxc3 Rd8 34. Rc5
Re8 35. Kf3 Rb2 36. Rxa5 1-0

[Event "chess.com IoM Masters"]
[Site "Douglas ENG"]
[Date "2017.09.29"]
[Round "7.34"]
[White "Raja, Harshit"]
[Black "Huschenbeth, Niclas"]
[Result "0-1"]
[BlackTitle "GM"]
[WhiteElo "2423"]
[BlackElo "2596"]
[WhiteFideId "5089000"]
[BlackFideId "24604747"]
[EventDate "2017.09.23"]

1. e4 c5 2. Nf3 d6 3. d4 cxd4 4. Nxd4 Nf6 5. Nc3 a6 6. Bg5 Nbd7 7. Qe2 h6 8. Bh4
b5 9. f4 g5 10. fxg5 hxg5 11. Bxg5 Bb7 12. O-O-O e6 13. e5 dxe5 14. Nf3 b4 15.
Nxe5 Qa5 16. Nb5 axb5 17. Qxb5 Bc8 18. g4 Bh6 19. Bxh6 Rxh6 20. g5 Rh5 21. Qxa5
Rxa5 22. Nc4 Rhxg5 23. h4 Rgc5 24. Nxa5 Rxa5 25. Rd4 Bb7 26. Rg1 Rxa2 27. Kb1 b3
28. cxb3 Ra5 29. b4 Re5 30. Bg2 Bxg2 31. Rxg2 Re1+ 32. Ka2 Rh1 33. b5 Nb6 34.
Rg7 Kf8 35. Rg2 Ke7 36. Kb3 Nfd5 37. Rg8 f5 38. Rb8 Rh3+ 39. Kc2 e5 40. Rd2 Rxh4
41. Rf2 Kd6 42. Rd8+ Kc5 43. Re8 Nc4 0-1

[Event "chess.com IoM Masters"]
[Site "Douglas ENG"]
[Date "2017.09.29"]
[Round "7.35"]
[White "Ju, Wenjun"]
[Black "Degtiarev, Evgeny"]
[Result "1/2-1/2"]
[WhiteTitle "GM"]
[BlackTitle "IM"]
[WhiteElo "2574"]
[BlackElo "2412"]
[WhiteFideId "8603006"]
[BlackFideId "4149610"]
[EventDate "2017.09.23"]

1. d4 Nf6 2. c4 b6 3. Nf3 Bb7 4. g3 g6 5. Bg2 Bg7 6. d5 Ne4 7. Qc2 f5 8. Nbd2
Nd6 9. Nb3 Na6 10. Bf4 Nb4 11. Qc1 e6 12. a3 Na6 13. dxe6 dxe6 14. O-O O-O 15.
Rd1 Qe7 16. Be5 Rfe8 17. c5 Nxc5 18. Nxc5 bxc5 19. Qxc5 Nf7 20. Qxe7 Rxe7 21.
Bxg7 Kxg7 22. Rac1 Rb8 23. b4 e5 24. Rc5 Kf6 25. Rdc1 Nd6 26. Rxc7 Rxc7 27. Rxc7
Rc8 28. Rxc8 Bxc8 29. Nd2 Nb5 30. Nb1 Nd4 31. e3 Ne2+ 32. Kf1 Nc1 33. Bc6 Ba6+
34. b5 Bc8 35. Nc3 Ke6 36. Ke1 e4 37. Bd5+ Kd6 38. Kd2 Nd3 39. Bxe4 Nxf2 40. Bf3
Kc5 41. Ke2 Nh3 42. Bd5 Bd7 43. a4 h6 44. a5 Bxb5+ 45. Nxb5 Kxb5 46. Bf7 Kxa5
47. Bxg6 Kb4 48. Bxf5 Ng5 49. h4 Nf7 50. g4 Kc5 51. Kf3 Kd6 52. Kf4 a5 53. g5
hxg5+ 54. hxg5 Ke7 55. Bc2 Kf8 56. e4 Kg7 57. e5 Nd8 58. Bb3 Nc6 59. e6 Kf8 60.
Kf5 Kg7 61. Kf4 Ne7 62. Ba4 Ng8 63. Bb5 Ne7 64. Ba4 Ng8 65. Bc2 Ne7 66. Ke5 Ng8
67. Ke4 Ne7 68. Kf4 Nc6 69. Ke4 Ne7 70. Ke5 Ng8 71. Kd6 Kf8 72. Kd7 Ne7 73. Ba4
Ng8 74. Kd8 Ne7 75. Kc7 Ng8 76. Kd7 Ne7 77. Kd8 Ng8 78. Bb5 Ne7 79. Be8 Nd5 80.
Bb5 Ne7 81. Be8 Nd5 82. g6 Kg7 83. Bc6 Nf6 84. Be8 Nd5 85. Bc6 Nf6 86. e7 Kxg6
87. Ba4 Kf5 88. Bb3 Ke5 89. Kc7 a4 90. Ba2 a3 91. Bf7 Ne8+ 92. Bxe8 Kf6 93. Kd8
a2 94. Bc6 a1=Q 95. e8=Q Qa5+ 96. Kc8 Qa6+ 97. Kb8 Qb6+ 98. Bb7 Qd6+ 99. Ka7
Qa3+ 100. Kb6 Qb4+ 101. Ka7 Qa3+ 102. Ba6 Qe7+ 103. Qxe7+ Kxe7 1/2-1/2

[Event "chess.com IoM Masters"]
[Site "Douglas ENG"]
[Date "2017.09.29"]
[Round "7.36"]
[White "Brunello, Sabino"]
[Black "Cornette, Deimante"]
[Result "0-1"]
[WhiteTitle "GM"]
[BlackTitle "IM"]
[WhiteElo "2555"]
[BlackElo "2404"]
[WhiteFideId "813613"]
[BlackFideId "12802859"]
[EventDate "2017.09.23"]

1. e4 c5 2. Nf3 Nc6 3. d4 cxd4 4. Nxd4 e5 5. Nb5 d6 6. c4 Be6 7. N1c3 a6 8. Na3
Be7 9. Nc2 Rc8 10. b3 Nf6 11. a4 Na5 12. Ne3 b5 13. axb5 axb5 14. Nxb5 Nxe4 15.
Bd3 Nc5 16. Bc2 Nc6 17. O-O O-O 18. Ba3 Qb6 19. Nd5 Bxd5 20. Qxd5 Rfd8 21. Rfd1
Bf8 22. h4 Ne7 23. Qf3 d5 24. Bb2 d4 25. b4 Nd7 26. Qd3 Qg6 27. Qe2 Qe6 28. c5
Nf6 29. Nd6 Rb8 30. b5 Ng6 31. Ba3 Bxd6 32. cxd6 Nf4 33. Qf1 Qd5 34. g3 Ne6 35.
Bd3 e4 36. Bc4 Qe5 37. Re1 e3 38. fxe3 Qxg3+ 39. Qg2 Qxh4 40. Rad1 Ng5 41. Bf1
Ng4 42. Rxd4 Nf3+ 43. Qxf3 Qh2# 0-1

[Event "chess.com IoM Masters"]
[Site "Douglas ENG"]
[Date "2017.09.29"]
[Round "7.38"]
[White "Lubbe, Nikolas"]
[Black "Roberson, Peter T"]
[Result "1/2-1/2"]
[WhiteTitle "IM"]
[BlackTitle "IM"]
[WhiteElo "2515"]
[BlackElo "2403"]
[WhiteFideId "4694031"]
[BlackFideId "412384"]
[EventDate "2017.09.23"]

1. d4 Nf6 2. c4 e6 3. Nc3 Bb4 4. e3 O-O 5. Bd3 c5 6. Nf3 d5 7. O-O cxd4 8. exd4
dxc4 9. Bxc4 b6 10. Qd3 Bb7 11. Bg5 Nbd7 12. Rfd1 Bxc3 13. bxc3 Qc7 14. Bb3 Rfd8
15. c4 Rac8 16. h3 h6 17. Bh4 Be4 18. Qe3 Qb7 19. Ne5 Nxe5 20. dxe5 Rxd1+ 21.
Rxd1 Nh7 22. f3 Bg6 23. Rd6 Nf8 24. Qd4 Kh7 25. Bf2 Rc7 26. Ba4 Rc8 27. Bb5 Bf5
28. a4 Ng6 29. Kh2 Rc5 30. a5 Nxe5 31. a6 Qc7 32. f4 Nxc4 33. Rd7 Qc8 34. Rxf7
e5 35. fxe5 Rxb5 36. e6 Re5 37. Bg3 Bxe6 38. Rxa7 Rg5 39. Re7 Qc6 40. a7 Bd5 41.
h4 Rxg3 42. Kxg3 Qd6+ 43. Qf4 Qxe7 44. Qf5+ g6 45. Qxd5 Qxa7 46. Qxc4 h5 47. Qc6
Qa3+ 48. Kh2 Qc5 49. Qd7+ Kh6 50. Qd2+ Kg7 51. Qd7+ Kf6 52. Qd8+ Kf7 53. Qd7+
Qe7 54. Qd5+ Qe6 55. Qb7+ Kf6 56. Qf3+ Kg7 57. Qb7+ Kh6 58. Qb8 Qf6 59. g3 Qf2+
60. Kh3 Qf5+ 61. Kg2 Qf6 62. Kh2 Qb2+ 63. Kh3 Qd4 64. Kh2 Kg7 65. Qc7+ Kf6 66.
Qc6+ Kf5 67. Qc8+ Ke5 68. Qe8+ Kd5 69. Qxg6 Qf2+ 70. Kh3 Qf1+ 71. Kh2 Qe2+ 72.
Kg1 Qe1+ 73. Kh2 Qe2+ 74. Kg1 Qe1+ 1/2-1/2

[Event "chess.com IoM Masters"]
[Site "Douglas ENG"]
[Date "2017.09.29"]
[Round "7.39"]
[White "Kojima, Shinya"]
[Black "Nihal, Sarin"]
[Result "0-1"]
[WhiteTitle "IM"]
[BlackTitle "IM"]
[WhiteElo "2403"]
[BlackElo "2483"]
[WhiteFideId "7000812"]
[BlackFideId "25092340"]
[EventDate "2017.09.23"]

1. Nf3 Nf6 2. c4 g6 3. d4 Bg7 4. g3 O-O 5. Bg2 d6 6. O-O Nc6 7. Nc3 a6 8. d5 Na5
9. b3 c5 10. dxc6 Nxc6 11. Bb2 Ne4 12. Qc1 Nxc3 13. Bxc3 Bxc3 14. Qxc3 Bd7 15.
Rfd1 Rc8 16. Rac1 Qc7 17. Qd2 Bg4 18. h3 Bxf3 19. Bxf3 Rfd8 20. h4 Ne5 21. Bg2
h5 22. Qf4 Qb6 23. Qe4 Rd7 24. Bh3 e6 25. Rc2 Qb4 26. Kg2 Qc5 27. Rcd2 b5 28. f4
Ng4 29. Bxg4 hxg4 30. Rd4 Rcd8 31. Qd3 bxc4 32. Rxc4 Qb6 33. Rdc1 a5 34. Rc6 Qb7
35. Kh2 a4 36. h5 gxh5 37. f5 axb3 38. axb3 Re8 39. f6 Qa7 40. Rf1 Qa5 41. Qe3
Kh7 42. Qd3+ Kh6 43. Rxd6 Rxd6 44. Qxd6 Rd8 45. Qe7 Kg6 46. Qb7 Qe5 47. Qg2 Rd2
48. Rf2 h4 49. b4 Rb2 50. b5 Rb3 0-1

[Event "chess.com IoM Masters"]
[Site "Douglas ENG"]
[Date "2017.09.29"]
[Round "7.40"]
[White "Panchanathan, Magesh Chandran"]
[Black "Krishna, C R G"]
[Result "1-0"]
[WhiteTitle "GM"]
[BlackTitle "IM"]
[WhiteElo "2481"]
[BlackElo "2367"]
[WhiteFideId "5007429"]
[BlackFideId "5018625"]
[EventDate "2017.09.23"]

1. Nf3 f5 2. d3 d6 3. e4 e5 4. Nc3 Nf6 5. exf5 Bxf5 6. d4 e4 7. Nh4 Qd7 8. d5
Be7 9. Nxf5 Qxf5 10. Be2 Nbd7 11. g4 Qe5 12. g5 Ng8 13. Bb5 O-O-O 14. Qg4 a6 15.
Bf4 Qd4 16. Be3 Qe5 17. Bxd7+ Rxd7 18. O-O-O h5 19. Qg2 h4 20. Rd4 Bd8 21. Rxe4
Qf5 22. Rg1 Ne7 23. Rf4 Qe5 24. Qg4 Ng6 25. Rf7 Qe8 26. Rxg7 Ne5 27. Qh3 Be7 28.
Ne4 1-0

[Event "chess.com IoM Masters"]
[Site "Douglas ENG"]
[Date "2017.09.29"]
[Round "7.41"]
[White "Khmelniker, Ilya"]
[Black "Bellin, Robert"]
[Result "1/2-1/2"]
[WhiteTitle "GM"]
[BlackTitle "IM"]
[WhiteElo "2480"]
[BlackElo "2344"]
[WhiteFideId "2805340"]
[BlackFideId "400343"]
[EventDate "2017.09.23"]

1. d4 e6 2. c4 Bb4+ 3. Bd2 Bxd2+ 4. Qxd2 Nf6 5. g3 d5 6. Bg2 O-O 7. Nf3 Qe7 8.
O-O Rd8 9. Qc2 Nc6 10. Nc3 dxc4 11. Rad1 Rb8 12. Qa4 b5 13. Nxb5 Bd7 14. Nxa7
Qe8 15. Nxc6 Bxc6 16. Qxc4 Rxb2 17. Rd2 Bd5 18. Qxc7 Rxd2 19. Nxd2 Bxg2 20. Kxg2
Rxd4 21. Nf3 Nd5 22. Qe5 Rb4 23. Rd1 Qa8 24. e4 Nf6 25. Qc7 Rb8 26. Rd4 h6 27.
Ne5 Rf8 28. Qc2 Rc8 29. Qa4 Qb7 30. Qb3 Qa6 31. Ra4 Qe2 32. Qd3 Qb2 33. Qd4 Qe2
34. Nd3 Qd2 35. Rc4 Rxc4 36. Qxc4 Qe2 37. Ne5 Qe1 38. f3 Qa5 39. Qc8+ Kh7 40.
Nxf7 Qxa2+ 41. Kh3 Kg6 42. Ne5+ Kh7 43. Nf7 Kg6 44. Nd8 Qe2 45. Qxe6 Qxf3 46.
Qf5+ 1/2-1/2

[Event "chess.com IoM Masters"]
[Site "Douglas ENG"]
[Date "2017.09.29"]
[Round "7.43"]
[White "Kavutskiy, Konstantin"]
[Black "Zumsande, Martin"]
[Result "1-0"]
[WhiteTitle "IM"]
[BlackTitle "IM"]
[WhiteElo "2390"]
[BlackElo "2471"]
[WhiteFideId "2026384"]
[BlackFideId "4651324"]
[EventDate "2017.09.23"]

1. d4 d5 2. c4 e6 3. Nf3 Nf6 4. Nc3 Be7 5. Bf4 O-O 6. e3 c5 7. dxc5 Bxc5 8. Qc2
Nc6 9. a3 Re8 10. Bg3 d4 11. exd4 Nxd4 12. Nxd4 Bxd4 13. O-O-O e5 14. Nb5 Bd7
15. Nxd4 exd4 16. f3 Rc8 17. Rxd4 Qa5 18. Bd3 Ba4 19. Qd2 Qb6 20. Kb1 Qc5 21.
Bd6 Qc6 22. Bb4 Qe6 23. Re1 Qxe1+ 24. Qxe1 Rxe1+ 25. Bxe1 Bb3 26. Bh4 a5 27.
Bxf6 gxf6 28. Rd7 Re8 29. Kc1 Re1+ 30. Kd2 Rg1 31. g3 a4 32. Rxb7 Rg2+ 33. Kc3
Rxh2 34. Be4 Rf2 35. g4 Bd1 36. c5 Bxf3 37. Bxf3 Rxf3+ 38. Kd4 Rf2 39. c6 Rc2
40. Kd5 Kf8 41. Kd6 Rd2+ 42. Kc7 Ke8 43. Kb8 Rd8+ 44. Ka7 Rd6 45. Rb8+ 1-0

[Event "chess.com IoM Masters"]
[Site "Douglas ENG"]
[Date "2017.09.29"]
[Round "7.44"]
[White "Basso, Pier Luigi"]
[Black "Jessel, Stephen"]
[Result "0-1"]
[WhiteTitle "IM"]
[BlackTitle "FM"]
[WhiteElo "2460"]
[BlackElo "2334"]
[WhiteFideId "866970"]
[BlackFideId "628859"]
[EventDate "2017.09.23"]

1. d4 a6 2. e4 e6 3. c4 d5 4. cxd5 exd5 5. e5 c5 6. dxc5 Bxc5 7. Nf3 Nc6 8. Be2
Nge7 9. O-O O-O 10. Nc3 Bg4 11. Ng5 Bf5 12. g4 Bg6 13. Kh1 h6 14. Nh3 d4 15. Na4
Ba7 16. b4 Nxe5 17. Bf3 Nxf3 18. Qxf3 Qd5 19. Qxd5 Nxd5 20. Nf4 Nxf4 21. Bxf4
Rfc8 22. Rac1 Bc2 23. Nc5 Bxc5 24. Rxc2 Bxb4 25. Rb2 a5 26. Bd2 Bc3 27. Bxc3
dxc3 28. Rxb7 Rc4 29. Rc1 Rd8 30. Kg2 Rxg4+ 31. Kf3 Rc4 32. Ke3 f5 33. h4 c2 34.
Rb2 Rdc8 35. Rb5 f4+ 36. Kf3 Rd8 37. Ke2 a4 38. a3 Rc3 39. Rf5 Rd4 40. h5 g5 41.
hxg6 Kg7 42. f3 Re3+ 43. Kf2 Rd2+ 0-1

[Event "chess.com IoM Masters"]
[Site "Douglas ENG"]
[Date "2017.09.29"]
[Round "7.45"]
[White "Hemant, Sharma2"]
[Black "Esserman, Marc"]
[Result "1/2-1/2"]
[WhiteTitle "IM"]
[BlackTitle "IM"]
[WhiteElo "2342"]
[BlackElo "2453"]
[WhiteFideId "5025842"]
[BlackFideId "2018616"]
[EventDate "2017.09.23"]

1. e4 c6 2. d4 d5 3. exd5 cxd5 4. c4 Nf6 5. Nc3 Nc6 6. Nf3 Bg4 7. cxd5 Nxd5 8.
Qb3 Bxf3 9. gxf3 e6 10. Qxb7 Nxd4 11. Bb5+ Nxb5 12. Qc6+ Ke7 13. Qxb5 Nxc3 14.
Qc5+ Qd6 15. Qxc3 Qa6 16. Bd2 Rc8 17. Qa5 Qxa5 18. Bxa5 Ke8 19. Bc3 f6 20. Ke2
Be7 21. Rad1 Rc7 22. Rd3 Kf7 23. Rhd1 Rhc8 24. Rd7 Ke8 25. Rxc7 Rxc7 26. Rd4 Bc5
27. Rc4 Bd6 28. Rxc7 Bxc7 29. Bd4 a6 30. h3 Kf7 31. Be3 e5 32. Kd3 Kg6 33. Ke4
Kh5 34. b4 Kh4 35. a4 Kxh3 36. b5 axb5 37. axb5 Kg2 38. b6 Bxb6 39. Bxb6 h5 40.
f4 exf4 41. Kxf4 g6 42. Ke4 h4 43. Kd5 h3 44. Bc7 Kxf2 45. Ke6 g5 46. Kxf6 g4
47. Kg5 g3 48. Kh4 g2 49. Kxh3 g1=N+ 1/2-1/2

[Event "chess.com IoM Masters"]
[Site "Douglas ENG"]
[Date "2017.09.29"]
[Round "7.46"]
[White "Neelotpal, Das"]
[Black "Balint, Vilmos"]
[Result "1/2-1/2"]
[WhiteTitle "GM"]
[WhiteElo "2448"]
[BlackElo "2281"]
[WhiteFideId "5003512"]
[BlackFideId "718050"]
[EventDate "2017.09.23"]

1. Nf3 c5 2. e4 a6 3. c3 e6 4. d4 d5 5. e5 Nc6 6. Be2 Nge7 7. O-O Nf5 8. Bd3
cxd4 9. Bxf5 exf5 10. cxd4 Be7 11. Nc3 Be6 12. Ne2 O-O 13. Nf4 Rc8 14. a3 Qb6
15. h4 h6 16. Rb1 Bxa3 17. Nxe6 fxe6 18. Bxh6 gxh6 19. bxa3 Qa7 20. Qd2 Kh7 21.
Rfd1 Rg8 22. Nh2 Rc7 23. Kh1 Rcg7 24. g3 b6 25. Rb3 Na5 26. Rf3 Nc4 27. Qc2 Qe7
28. a4 Kh8 29. Qc1 Kh7 30. Qc2 Rg6 31. Qb1 Kh8 32. Qc1 Qb4 33. Qc2 Qb2 34. Qxb2
Nxb2 35. Ra1 Rc8 36. Rb3 Nc4 37. Rc1 Rg7 38. Nf3 Rg4 39. Rd3 Kg8 40. Ng1 Rc6 41.
Rdd1 Re4 42. Ra1 Kf7 43. Ra2 Ke7 44. Nh3 Rg4 45. Nf4 Rg8 46. Nd3 Ra8 47. Rb1 Ra7
48. Nf4 Na5 49. Rab2 Rb7 50. Kg1 Nc4 51. Ra2 Na5 52. Rab2 Nc4 53. Ra2 Na5 1/2-1/2

[Event "chess.com IoM Masters"]
[Site "Douglas ENG"]
[Date "2017.09.29"]
[Round "7.47"]
[White "L'Ami, Alina"]
[Black "Swayams, Mishra"]
[Result "0-1"]
[WhiteTitle "IM"]
[BlackTitle "IM"]
[WhiteElo "2286"]
[BlackElo "2444"]
[WhiteFideId "1210246"]
[BlackFideId "5028183"]
[EventDate "2017.09.23"]

1. d4 Nf6 2. c4 b6 3. Nc3 Bb7 4. Qc2 d5 5. cxd5 Nxd5 6. e4 Nxc3 7. bxc3 e5 8.
Nf3 exd4 9. Bc4 Nc6 10. O-O Bc5 11. Rd1 O-O 12. Bd5 Qe8 13. Bb2 Rd8 14. a3 Na5
15. Bxb7 d3 16. Rxd3 Nxb7 17. Rd5 c6 18. Rxd8 Nxd8 19. c4 Ne6 20. e5 Qc8 21. Nh4
Rd8 22. Rd1 Rd7 23. g3 Qd8 24. Rxd7 Qxd7 25. Kg2 g6 26. Nf3 Nf4+ 27. gxf4 Qg4+
28. Kf1 Qxf3 29. Qd2 h5 30. Kg1 Kh7 31. e6 Qg4+ 32. Kf1 Qh3+ 33. Kg1 Qxe6 34. h4
Qg4+ 35. Kh2 Qxh4+ 36. Kg2 Qg4+ 37. Kh2 h4 38. Qd8 Qxf4+ 39. Kh3 Qf5+ 0-1

[Event "chess.com IoM Masters"]
[Site "Douglas ENG"]
[Date "2017.09.29"]
[Round "7.48"]
[White "Yankelevich, Lev"]
[Black "Osmanodja, Filiz"]
[Result "1-0"]
[WhiteTitle "IM"]
[BlackTitle "WIM"]
[WhiteElo "2443"]
[BlackElo "2245"]
[WhiteFideId "24684074"]
[BlackFideId "24633569"]
[EventDate "2017.09.23"]

1. d4 Nf6 2. c4 e6 3. Nf3 Bb4+ 4. Bd2 c5 5. Bxb4 cxb4 6. a3 bxa3 7. Nxa3 O-O 8.
e3 d6 9. b4 a5 10. b5 b6 11. Bd3 Bb7 12. O-O Nbd7 13. Nd2 e5 14. Nab1 Re8 15.
Nc3 Nf8 16. Nb3 Ne6 17. Bf5 Nd7 18. Ne4 Qe7 19. Qd3 exd4 20. Bxh7+ Kh8 21. Bf5
Ne5 22. Qe2 g6 23. Bxe6 d3 24. Qb2 Qxe6 25. Nbd2 f5 26. Ng3 Kh7 27. Qd4 d5 28.
c5 bxc5 29. Qxc5 Rac8 30. Qd4 Rc2 31. Rfd1 Qf6 32. h3 Nd7 33. Qxd3 Rec8 34. Rxa5
Qb6 35. Raa1 Rb2 36. Nxf5 gxf5 37. Qxf5+ Kh6 38. Qxd7 Rcc2 39. Ra4 Rxd2 40. Rh4+
Kg6 41. Qh7+ Kf6 42. Rh6+ Ke5 43. f4# 1-0